000 00347nam a2200145Ia 4500
005 20250603150027.0
008 250603s9999 xx 000 0 und d
020 _a9781119519126
050 _aHG 4027.3 .W55/
100 _aBizzell, Allen
245 0 _aWiley CPA exam review study guide 2019
260 _c2019
300 _a593 p
942 _cBK
999 _c43548
_d43548